00582nam a2200217Ia 4500003000400000005001700004008004100021020001800062040001800080041000800098082002100106100002100127245003900148250001200187260004300199300002700242650002200269651002700291651002000318651002600338OSt20230922145045.0210716s2009 xx 000 0 und d a9780670082957 cAIMIT LIBRARY aeng a374.22 21bBAGS aBagchi, Subroto. aProfessional /cBy Subroto Bagchi. a1st ed. aNew York :c2009.bPenguin Portfolio , axxi,217p. ;bPBc20 cm aGeneral Knowledge aProfessional qualities aManaging volume aNew world imperatives